| 000 | 00342nam a22001457a 4500 | ||
|---|---|---|---|
| 003 | SGT | ||
| 020 | _a978-0-323-22241-9 | ||
| 082 |
_a618.92 _bW15H |
||
| 100 | _aHOCKENBERRY, MARILYN J. | ||
| 245 | _aWONG'S NURSING CARE OF INFANT AND CHILDREN | ||
| 250 | _a10TH | ||
| 260 |
_aLOUIS _bELSEVIER _c2015 |
||
| 300 | _a1734 | ||
| 942 |
_2ddc _cBK |
||
| 999 |
_c15196 _d15196 |
||